ბათუმის შოთა რუსთაველის სახელმწიფო უნივერსიტეტის ბიბლიოთეკა

პირის ღრუს წვის სინდრომის მართვა სხვადასხვა ეტიოლოგიურ ფაქტორთა გათვალისწინებით : დისერტაცია / (ბიბ.ჩანაწერი № 51755)

000 -ლიდერი
ფიქსირებული სიგრძის საკონტროლო ველი 01766nam a2200253Ia 4500
001 - საკონტროლო ნომერი
საკონტროლო ველი 18747
003 - საკონტროლო ნომრის იდენტიფიკატორი
საკონტროლო ველი GE_BSU
005 - ბოლო ოპერაციის თარიღი და დრო
საკონტროლო ველი 20220919164543.0
008 - ფიქსირებული სიგრძის მონაცემთა ელემენტები - ზოგადი ინფორმაცია
ფიქსირებული სიგრძის საკონტროლო ველი 181216s2013||||ge |||||||||||||| ||geo||
040 ## - კატალოგიზაციის წყარო
Transcribing agency GE_BSU
041 ## - ენის კოდი
Language code of text/sound track or separate title geo
080 ## - უნივერსალური ათობითი კლასიფიკაციის ინდექსი
Universal Decimal Classification number 61 კ-40
100 ## - მთავარი ჩანაწერი - პიროვნების სახელი
Personal name კენჭაძე, რუსუდან
9 (RLIN) 11508
245 ## - ცნობა სათაურის შესახებ
Title პირის ღრუს წვის სინდრომის მართვა სხვადასხვა ეტიოლოგიურ ფაქტორთა გათვალისწინებით : დისერტაცია /
Statement of responsibility, etc რუსუდან კენჭაძე; სამეცნ. ხელმძღვ.: მანანა ივერიელი, ნათელა (ნანა) გელაძე; თბილისის სახელმწიფო სამედიცინო უნივერსიტეტი.
264 ## - წარმოების, გამოცემის, დისტრიბუციის და სხვა ცნობები
გამოცემის, წარმოების, დისტრიბუციის... ადგილი თბილისი,
გამოცემის, წარმოების, დისტრიბუციის... თარიღი 2013.
300 ## - ფიზიკური აღწერა
Extent 200 გვ.
Other physical details 30 სმ.
653 ## - INDEX TERM--UNCONTROLLED
Uncontrolled term დისერტაცია
653 ## - INDEX TERM--UNCONTROLLED
Uncontrolled term მედიცინა
653 ## - INDEX TERM--UNCONTROLLED
Uncontrolled term პირის ღრუს წვის სინდრომის მართვა სხვადასხვა ეტიოლოგიურ ფაქტორთა გათვალისწინებით.
700 ## - ADDED ENTRY--PERSONAL NAME
Personal name ივერიელი, მანანა
Relator term სამეცნიერო ხელმძღვანელი
9 (RLIN) 11509
700 ## - ADDED ENTRY--PERSONAL NAME
Personal name გელაძე, ნათელა (ნანა)
Relator term სამეცნიერო ხელმძღვანელი
9 (RLIN) 11510
710 ## - ADDED ENTRY--CORPORATE NAME
Corporate name or jurisdiction name as entry element თბილისის სახელმწიფო სამედიცინო უნივერსიტეტი
9 (RLIN) 11511
942 ## - ADDED ENTRY ELEMENTS (KOHA)
Koha item type წიგნი
Source of classification or shelving scheme
ეგზემპლარები
ჩამოწერის სტატუსი დაკარგული ეგზემპლარის სტატუსი კლასიფიკაციის წყარო ან თაროზე გაწყობის სქემა დაზიანების სტატუსი არ გაიცემა მუდმივი მდებარეობა (დაცვის ადგილი) ამჟამინდელი ადგილსამყოფელი შეძენის თარიღი სრული შენახვის შიფრი შტრიხკოდი ბოლო ოპერაციის თარიღი ეგზემპლარის მიმდევრობითი ნომერი (კეტერი?) ფასის ძალაში შესვლის თარიღი ეგზემპლარის სახეობა
        შიდა ფონდი ბათუმის შოთა რუსთაველის სახელმწიფო უნივერსიტეტის მთავარი ბიბლიოთეკა ბათუმის შოთა რუსთაველის სახელმწიფო უნივერსიტეტის მთავარი ბიბლიოთეკა 2018-12-17 61 კ-40 171 დისერტ. 2018-12-17 171 2018-12-17 დისერტაცია